Ecotourism (Record no. 5223)

MARC details
000 -LEADER
fixed length control field 00472nam a2200181Ia 4500
008 - FIXED-LENGTH DATA ELEMENTS--GENERAL INFORMATION
fixed length control field 230917s9999||||xx |||||||||||||| ||und||
020 ## - ISBN
Price GBP 48.99 (RS 4933.29)
040 ## - CATALOGING SOURCE
-- 5004089
Original cataloging agency VIVEKANANDA LIBRARY
041 ## - Language
-- English
082 ## - DDC NUMBER
Classification number 338.4791 F36E(5)
100 ## - MAIN ENTRY--PERSONAL NAME
Personal name Fennell, David A
245 #0 - TITLE STATEMENT
Title Ecotourism
250 ## - EDITION STATEMENT
Edition statement 5th ed.
260 ## - PUBLICATION, DISTRIBUTION, ETC. (IMPRINT)
Place of publication, distribution, etc Oxon
Name of publisher, distributor, etc CAB International
Date of publication, distribution, etc 2020
300 ## - PHYSICAL DESCRIPTION
Pages x, 382 p.
500 ## - GENERAL NOTE
General note 4503 25/01/2022 PBA22/498 25/01/2022 Main Budget
942 ## - ADDED ENTRY ELEMENTS (KOHA)
Koha item type Books
Holdings
Withdrawn status Lost status Damaged status Not for loan Location (home branch) Sublocation or collection (holding branch) Shelving location Date acquired Koha issues (times borrowed) Koha full call number Accession No. Koha date last seen Koha item type
        VIVEKANANDA LIBRARY VIVEKANANDA LIBRARY IHTM Library 22/02/2022 1 338.4791 F36E(5) 393817 16/06/2025 Books
© Designed and Maintained by Vivekananda Library, MDU Rohtak